| 000 | 00378nam a2200145Ia 4500 | ||
|---|---|---|---|
| 005 | 20251222153526.0 | ||
| 008 | 251222s9999||||xx |||||||||||||| ||spa|| | ||
| 020 | _a8432307882 | ||
| 082 | _a303.482.729/C39 | ||
| 100 | _aCayuela Fernández, José G. | ||
| 245 | 0 | _aBahía de Ultramar | |
| 250 | _a1ra. ed. | ||
| 264 | _bSiglo veintiuno de España Editores S.A. | ||
| 942 | _cLIB | ||
| 999 |
_c29896 _d29896 |
||